Major League Baseball (MLB) Teams - Spot the Imposter - Statistics

General Stats
  • This quiz has been taken 155 times
    144 since last reset
  • The average score is 6 of 15
Answer Stats
Question Answer % Correct
Which of these team names have never been used by a Major League Baseball team? Representatives
64%
Which of these team names have never been used by a Major League Baseball team? Ants
61%
Which of these team names have never been used by a Major League Baseball team? Greens
61%
Which of these team names have never been used by a Major League Baseball team? Jolly Green Giants
61%
Which of these team names have never been used by a Major League Baseball team? Storks
54%
Which of these team names have never been used by a Major League Baseball team? Yellow Stockings
50%
Which of these team names have never been used by a Major League Baseball team? Black Mambas
46%
Which of these team names have never been used by a Major League Baseball team? Squirrels
46%
Which of these team names have never been used by a Major League Baseball team? Awesomes
43%
Which of these team names have never been used by a Major League Baseball team? Rock of Ages
36%
Which of these team names have never been used by a Major League Baseball team? Blue Sox
32%
Which of these team names have never been used by a Major League Baseball team? Butchers
29%
Which of these team names have never been used by a Major League Baseball team? Cowboys
18%
Which of these team names have never been used by a Major League Baseball team? Wolverines
11%
Which of these team names have never been used by a Major League Baseball team? Hustlers
7%
No matching quizzes found
Score Distribution
Percent of People with Each Score
Percentile by Number Answered
Your Score History
You have not taken this quiz since the last reset